| 000 | 00480nam a2200181Ia 4500 | ||
|---|---|---|---|
| 005 | 20250423094553.0 | ||
| 008 | 250422s9999 xx 000 0 und d | ||
| 020 | _a0-394-32134-0 | ||
| 050 | _aRC489.B4R38/ | ||
| 100 | _aWilliam H. Redd | ||
| 245 | 0 | _aBehavior Modification: Behavioral Approaches to Human Problems | |
| 260 | _aNew York | ||
| 260 | _bRandom House | ||
| 260 | _c1979 | ||
| 300 | _a477 p | ||
| 650 | _a Behavioral Approaches to Human Problems | ||
| 942 | _cBK | ||
| 999 |
_c27638 _d27638 |
||